| 000 | 00786nam a22002057a 4500 | ||
|---|---|---|---|
| 008 | 081020t xxu||||| |||| 00| 0 eng d | ||
| 010 | _aENG-84061 | ||
| 020 | _a8172763565 | ||
| 020 | _c150.00 (pbk) | ||
| 035 | _aEN-67594 | ||
| 082 | _a230.51 | ||
| 245 |
_aLetters from Mirtola / _cby Sri Krishnaprem & Sri Mahava Ashish to Karan Singh; edited by Jyotsna Singh |
||
| 260 |
_aMumbai _bBharatiya Vidya Bhavan _eKulapati Munshi Marg, Mumbai-400007 |
||
| 260 | _c2004 | ||
| 300 |
_axii,193p _c22cm |
||
| 490 | _aBhavan's book university | ||
| 700 |
_aJyotsna Singh _ced |
||
| 942 |
_2ddc _cEN _h230.51 _mLET |
||
| 999 |
_c17028 _d17028 |
||